| 000 | 01077nam a22002777a 4500 | ||
|---|---|---|---|
| 003 | BD-DhSAU | ||
| 005 | 20190101101140.0 | ||
| 008 | 151027b2014 bg ||||| |||| 001 0 eng d | ||
| 040 | _aBD-DhSAU | ||
| 082 |
_222 _a581.15 _bA3158 |
||
| 100 |
_aAkter, Runa _eRegistration # 07-02226 |
||
| 245 |
_aGenetic variability in F3 population of rice (Oryza sativa L.) / _bMS thesis |
||
| 260 |
_aSher-e-Bangla Agricultural Uniersity : _bDepartment of Genetics & Plant Breeding , _c2014 |
||
| 300 |
_axi, 82 p. : _bill. ; _c30 cm. |
||
| 500 | _aMS thesis of Department of Genetics & Plant Breeding, Faculty of Agriculture, Sher-e-Bangla Agricultural University, Dhaka, Bangladesh | ||
| 590 | _aMd. Sirajul Islam | ||
| 650 | _aGenetics & Plant Breeding | ||
| 650 | _aGenetic | ||
| 650 | _aVariability | ||
| 650 | _aPopulation | ||
| 650 | _aRice | ||
| 700 |
_aBhuiyan, Md. Shahidur Rashid _eSupervisor |
||
| 700 |
_aMahmud, Firoz _eCo-Supervisor |
||
| 856 |
_uhttp://archive.saulibrary.edu.bd:8080/xmlui/handle/123456789/1040 _yOnline Access |
||
| 942 |
_2ddc _cTHESIS |
||
| 999 |
_c13187 _d13186 |
||